Normal view MARC view
  • Cornwell, David A.,

Entry Personal Name

Number of records used in: 5

001 - CONTROL NUMBER

  • control field: 5730

003 - CONTROL NUMBER IDENTIFIER

  • control field: NUST

005 - DATE AND TIME OF LATEST TRANSACTION

  • control field: 20171030115044.0

008 - FIXED-LENGTH DATA ELEMENTS

  • fixed length control field: 171030|| aca||aabn | a|a d

040 ## - CATALOGING SOURCE

  • Original cataloging agency: NUST
  • Transcribing agency: NUST

100 ## - HEADING--PERSONAL NAME

  • Personal name: Cornwell, David A.,
  • Dates associated with a name: 1948-

670 ## - SOURCE DATA FOUND

  • Source citation: Work cat.: (NUST)0: Davis, Mackenzie Leo, 1941- 5729, Introduction to environmental engineering /, c1991.
© 2023 Central Library, National University of Sciences and Technology. All Rights Reserved.